The Tungsten situation in Montana as a factor in national defense /

Bibliographic Details
Main Author: McGlashan, Donald W.
Corporate Author: Montana Bureau of Mines and Geology
Other Authors: Roys, Perry F.
Format: Book
Language:English
Published: Butte : Montana School of Mines, 1952.
Series:Miscellaneous contributions (Montana Bureau of Mines and Geology) ; no. 12.
Subjects:

MARC

Tag First Indicator Second Indicator Subfields
LEADER 00000cam a2200000Ia 4500
001 in00001724521
005 20151024202714.0
008 790801s1952 mtuab b s000 0 eng c
010 |a gs 52000143  
035 |a (OCoLC)ocm05230677 
040 |a U.S. Geol. Survey. Libr.  |c TXU  |d WEA  |d OCL  |d TXA  |d UtOrBLW 
043 |a n-us-mt 
049 |a TXAM 
050 1 0 |a HD9539.T83  |b U66 
090 |a HD9539.T83  |b U66 1952 
100 1 |a McGlashan, Donald W. 
245 1 4 |a The Tungsten situation in Montana as a factor in national defense /  |c by Donald W. McGlashan and Perry F. Roys. 
264 1 |a Butte :  |b Montana School of Mines,  |c 1952. 
300 |a v, 47 pages :  |b illustrations, map. ;  |c 28 cm. 
336 |a text  |b txt  |2 rdacontent 
337 |a unmediated  |b n  |2 rdamedia 
338 |a volume  |b nc  |2 rdacarrier 
490 1 |a Miscellaneous contributions / Montana Bureau of Mines and Geology ;  |v no. 12 
650 0 |a Tungsten  |z Montana. 
650 0 |a Tungsten mines and mining  |z Montana. 
700 1 |a Roys, Perry F. 
710 2 |a Montana Bureau of Mines and Geology. 
830 0 |a Miscellaneous contributions (Montana Bureau of Mines and Geology) ;  |v no. 12. 
948 |a cataloged  |b h  |c 2003/2/3  |d c  |e fpiscitelli  |f 6:06:08 pm 
994 |a E0  |b TXA 
999 |a MARS 
999 f f |s d4020b09-3857-3b79-b445-cd801af0755f  |i e52b007d-62ca-36a2-b664-64f7980ed486  |t 0 
952 f f |p ric  |a Texas A&M University  |b Rellis Campus  |c Joint Library Facility  |d Remote Storage  |t 0  |e HD9539.T83 U66 1952  |h Library of Congress classification  |i unmediated -- volume  |m A14821070449 
998 f f |a HD9539.T83 U66 1952  |t 0  |l Remote Storage